[Event "Asian Teams"]
[Site "Jodhpur IND"]
[Date "2003.04.11"]
[Round "5"]
[White "To Quoc Khanh"]
[Black "Kunte,A"]
[Result "0-1"]
[WhiteElo "2299"]
[BlackElo "2499"]
[EventDate "2003.04.07"]

1. e4 c5 2. Nc3 e6 3. Nf3 a6 4. g3 Nc6 5. Bg2 d6 6. O-O Nf6 7. Re1 Qc7 8.
d3 Be7 9. Bf4 Nd7 10. Qd2 O-O 11. Nd1 Nde5 12. c3 Bf6 13. Ne3 Qd8 14. g4 b5
15. Bg3 Bb7 16. Re2 Ng6 17. d4 cxd4 18. cxd4 Rc8 19. d5 Nce5 20. Nxe5 Bxe5
21. Rd1 Qf6 22. f3 Nf4 23. Rf2 exd5 24. exd5 g6 25. Bf1 Rc5 26. b4 Rc7 27.
a3 Rfc8 28. Kh1 Bc3 29. Qa2 Bd4 30. g5 Qe5 31. Ng4 Bxf2 32. Nxe5 Rc2 33.
Qxc2 Rxc2 34. Bxf4 dxe5 35. Bxe5 Be3 36. h4 Rc1 37. Rxc1 Bxc1 38. d6 Bc8
39. a4 Bd7 40. axb5 axb5 41. Bd4 Bf4 42. Bc5 Bg3 43. Kg2 Bxh4 44. f4 f6 45.
gxf6 Bxf6 46. Kg3 Kf7 47. Bg2 Bc3 48. Bd5+ Kf6 49. Kf3 h5 50. Ke4 h4 51.
Kd3 Ba1 52. Ke4 h3 53. Kf3 Bc3 54. Kg3 Be1+ 55. Kh2 Kf5 56. Kxh3 Kxf4+ 57.
Kg2 Ke5 58. Bf3 g5 59. Kf1 Bh4 60. Ke2 g4 61. Bg2 Bg5 62. Kd3 Bf4 63. Bb7
Ke6 64. Ke4 Bxd6 65. Bd5+ Ke7 66. Kd4 Be6 67. Be4 Bc4 68. Bf5 g3 69. Bh3
Be6 70. Bg2 Kd7 71. Ke3 Kc7 72. Ke4 Bd7 73. Ke3 Bc6 74. Bh3 Bxc5+ 75. bxc5
Bd5 76. Bf5 Kc6 77. Bd3 Kxc5 0-1

[Event "Asian Teams"]
[Site "Jodhpur IND"]
[Date "2003.04.11"]
[Round "5"]
[White "Sharma,D"]
[Black "Bakre,T"]
[Result "1-0"]
[WhiteElo "2384"]
[BlackElo "2471"]
[EventDate "2003.04.07"]

1. e4 c5 2. Nf3 d6 3. d4 cxd4 4. Nxd4 Nf6 5. Nc3 Nc6 6. Bg5 e6 7. Qd2 a6 8.
O-O-O Bd7 9. f4 b5 10. Bxf6 gxf6 11. Kb1 Qb6 12. Nxc6 Bxc6 13. Qe1 Ra7 14.
Bd3 h5 15. Qh4 Be7 16. f5 Qc5 17. Ne2 e5 18. Ng3 a5 19. Nxh5 Kd8 20. g4 a4
21. Qe1 b4 22. Qg1 Qa5 23. Qe3 Kc8 24. Bc4 Rh7 25. Nxf6 1-0

[Event "Asian Teams"]
[Site "Jodhpur IND"]
[Date "2003.04.11"]
[Round "5"]
[White "Ibraev,N"]
[Black "Zhang Pengxiang"]
[Result "1/2-1/2"]
[WhiteElo "2401"]
[BlackElo "2557"]
[EventDate "2003.04.07"]

1. e4 c5 2. Nf3 e6 3. g3 a6 4. Bg2 b5 5. O-O Bb7 6. d3 Nc6 7. Nc3 d6 8. a4
b4 9. Ne2 Nf6 10. Ng5 h6 11. Nh3 g6 12. f4 Bg7 13. Nf2 Nd4 14. Nxd4 cxd4
15. a5 Rb8 16. Bd2 b3 17. c4 Nd7 18. Bb4 Nc5 19. Bxc5 dxc5 20. e5 Bxg2 21.
Kxg2 Bf8 22. Ne4 Be7 23. g4 Qc7 24. Qf3 Kd7 25. h3 h5 26. g5 Rb4 27. Ra3
Ke8 28. Qd1 Qd8 29. Nd2 Qa8+ 1/2-1/2

[Event "Asian Teams"]
[Site "Jodhpur IND"]
[Date "2003.04.11"]
[Round "5"]
[White "Koneru,H"]
[Black "Neelotpal,D"]
[Result "1/2-1/2"]
[WhiteElo "2496"]
[BlackElo "2468"]
[EventDate "2003.04.07"]

1. d4 d5 2. Nf3 Nf6 3. c4 c6 4. e3 a6 5. Nbd2 Bf5 6. Be2 h6 7. O-O e6 8. c5
a5 9. Ne5 Nfd7 10. Ndf3 Be7 11. b3 O-O 12. Bb2 Nxe5 13. Nxe5 f6 14. Nf3 b6
15. cxb6 Qxb6 16. Nh4 Bh7 17. Bh5 f5 18. Ng6 Bxg6 19. Bxg6 a4 20. g4 axb3
21. axb3 Rxa1 22. Bxa1 Qd8 23. gxf5 exf5 24. Qh5 Qd7 25. Qe2 Qe6 26. Bh5
Nd7 27. Bf3 Nf6 28. Bb2 Ne4 29. Bg2 Bd6 30. f3 Nf6 31. Bc1 Bc7 32. Bd2 Qd6
33. Bh3 Nh7 34. f4 Qe6 35. Qd3 Rf6 36. Bb4 Qf7 37. Ra1 Qg6+ 38. Kh1 Qh5 39.
Ra8+ Nf8 40. Bxf8 Rxf8 41. Rxf8+ Kxf8 42. Qxf5+ Qxf5 43. Bxf5 Ke7 44. Kg2
Ba5 45. Kf3 Bd2 46. Bg6 Kd6 47. Ke2 Bc1 48. Kd3 Kc7 49. f5 Kd6 50. Be8 Kc7
51. h3 Kd6 52. e4 dxe4+ 53. Kxe4 Bg5 54. Kd3 Bh4 55. Kc4 Be1 56. b4 Bd2 57.
h4 Be1 58. h5 Bd2 59. Bf7 Be1 60. b5 cxb5+ 61. Kxb5 Bc3 62. Kc4 1/2-1/2

[Event "Asian Teams"]
[Site "Jodhpur IND"]
[Date "2003.04.11"]
[Round "5"]
[White "Kotsur,P"]
[Black "Zhang Zhong"]
[Result "1/2-1/2"]
[WhiteElo "2572"]
[BlackElo "2666"]
[EventDate "2003.04.07"]

1. e4 c5 2. Nf3 d6 3. Nc3 Nf6 4. e5 dxe5 5. Nxe5 Nbd7 6. d4 e6 7. Bb5 a6 8.
Bxd7+ Nxd7 9. Qh5 g6 10. Qf3 Qf6 11. Qxf6 Nxf6 12. Bg5 Nd5 13. Nxd5 exd5
14. Bf6 Rg8 15. dxc5 Bxc5 16. Nd3 Bd6 17. O-O-O Be6 18. Ne5 Bxe5 19. Bxe5
Rc8 20. Rhe1 Kd7 21. a4 Rc6 22. b3 Rgc8 23. Re2 Ke7 24. Kb2 h5 25. f3 f6
26. Bd4 Kf7 27. h4 Bf5 28. c3 Re6 29. Rxe6 Bxe6 30. Ka3 Bd7 31. Kb4 Re8 32.
Rd2 Re1 33. Bf2 Rf1 34. c4 Bc6 35. cxd5 Bxd5 36. Rxd5 Rxf2 37. Rd7+ Ke6 38.
Rxb7 Rxg2 39. Ka5 Rf2 40. Kxa6 Rxf3 41. a5 g5 42. b4 g4 43. b5 f5 44. b6 f4
45. Rb8 Kf7 46. Rc8 Rb3 47. Rc7+ Ke6 48. b7 f3 49. Rc6+ Kd7 50. Rb6 Rxb6+
1/2-1/2

[Event "Asian Teams"]
[Site "Jodhpur IND"]
[Date "2003.04.11"]
[Round "5"]
[White "Ye Jiangchuan"]
[Black "Sadvakasov,D"]
[Result "1-0"]
[WhiteElo "2684"]
[BlackElo "2577"]
[EventDate "2003.04.07"]

1. e4 e6 2. d4 d5 3. Nd2 c5 4. exd5 exd5 5. Ngf3 Nc6 6. Bb5 Bd6 7. dxc5
Bxc5 8. O-O Nge7 9. Nb3 Bd6 10. Bg5 O-O 11. Re1 Bg4 12. Bh4 Re8 13. Bg3
Bxg3 14. hxg3 Qb6 15. a4 h6 16. Qd2 a6 17. Bxc6 Qxc6 18. Ne5 Qc8 19. Nd4
Be6 20. Ra3 Qc5 21. Qf4 Nc6 22. Nxe6 fxe6 23. Rc3 Qa5 24. Qf7+ Kh8 25. Ng6+
Kh7 26. Rce3 d4 27. Re4 Qg5 28. Nh4 Re7 29. Qf3 Rd8 30. Rxe6 Rxe6 31. Rxe6
Qc1+ 32. Kh2 Qxc2 33. Qf7 Rg8 34. Nf5 Kh8 35. Rxh6+ 1-0

[Event "Asian Teams"]
[Site "Jodhpur IND"]
[Date "2003.04.12"]
[Round "6"]
[White "Tu Hoang Thong"]
[Black "Ovezov,A"]
[Result "1-0"]
[WhiteElo "2506"]
[BlackElo "2358"]
[EventDate "2003.04.07"]

1. e4 c6 2. d4 d5 3. f3 g6 4. Nc3 Bg7 5. Be3 Qb6 6. exd5 Qxb2 7. Nge2 Nf6
8. dxc6 bxc6 9. Rb1 Qa3 10. Qd2 Ba6 11. Nc1 Bxf1 12. Rxf1 O-O 13. Kf2 Rd8
14. Nd3 Nbd7 15. Rb3 Qd6 16. Kg1 Nb6 17. Bf2 Rac8 18. Qg5 e6 19. Rd1 Nbd5
20. Ne2 Qf8 21. Nc5 Nb6 22. Qc1 Nc4 23. Rc3 Nd6 24. Ra3 Qe7 25. Rad3 Nd5
26. Ng3 Nc4 27. Rb3 Ndb6 28. c3 Rd5 29. Re1 Qf8 30. Nge4 Bh6 31. Qc2 Qe7
32. Qe2 Re8 33. Rb4 Nd6 34. a4 e5 35. a5 Nbc8 36. Rb8 Nxe4 37. fxe4 Rdd8
38. Rb7 Qg5 39. Qf3 Qf4 40. Qh3 Bg7 41. Be3 Qf6 42. Rf1 Qd6 43. Rfxf7 Ne7
44. Rxg7+ Kxg7 45. Ne6+ Kg8 46. Nxd8 Rxd8 47. Bg5 Re8 48. Rd7 1-0

[Event "Asian Teams"]
[Site "Jodhpur IND"]
[Date "2003.04.12"]
[Round "6"]
[White "Kunte,A"]
[Black "Dzhumaev,M"]
[Result "1-0"]
[WhiteElo "2499"]
[BlackElo "2495"]
[EventDate "2003.04.07"]

1. d4 f5 2. Nf3 Nf6 3. g3 g6 4. Bg2 Bg7 5. O-O O-O 6. b3 d6 7. Bb2 c6 8.
Nbd2 h6 9. c4 Na6 10. Qc2 g5 11. e4 Nb4 12. Qc3 c5 13. e5 dxe5 14. Nxe5 Ng4
15. Ndf3 cxd4 16. Qxb4 Nxe5 17. Nxe5 Bxe5 18. Rad1 Bf6 19. Rfe1 f4 20. Bd5+
Kg7 21. Bxd4 Bxd4 22. Rxe7+ Kf6 23. Ree1 Bxf2+ 24. Kxf2 Qb6+ 25. Qxb6+ axb6
26. a4 Bg4 27. Rd4 b5 28. cxb5 Rad8 29. gxf4 Rd6 30. Kg3 Bf5 31. fxg5+ hxg5
32. Rdd1 Bc2 33. Rf1+ Kg7 34. Rxf8 Bxd1 35. Rf5 Kg6 36. Be4 Rd4 37. Rd5+
Rxe4 38. Rxd1 Re3+ 39. Kg4 Re4+ 40. Kf3 Rb4 41. Rd3 Kh5 42. h3 Kg6 43. Ke3
Kh5 44. Kd2 Kh4 45. Kc3 Rf4 46. a5 Rf1 47. Kc4 Ra1 48. b4 Rc1+ 49. Kd5 Ra1
50. Kc5 Ra4 51. Rb3 1-0

[Event "Asian Teams"]
[Site "Jodhpur IND"]
[Date "2003.04.12"]
[Round "6"]
[White "Dao Thien Hai"]
[Black "Kakageldyev,A"]
[Result "1-0"]
[WhiteElo "2564"]
[BlackElo "2461"]
[EventDate "2003.04.07"]

1. d4 d5 2. c4 c6 3. Nf3 Nf6 4. Nc3 dxc4 5. a4 Bf5 6. Nh4 Bg6 7. Nxg6 hxg6
8. e4 e5 9. Be3 exd4 10. Bxd4 Bb4 11. Bxc4 c5 12. Be3 Qc7 13. f4 Bxc3+ 14.
bxc3 Nxe4 15. O-O Nc6 16. Qc2 Nd6 17. Bxc5 Nxc4 18. Rae1+ N6e5 19. Bd4
O-O-O 20. fxe5 Rde8 21. h3 Nxe5 22. Bxe5 Rxe5 23. Rxe5 Qxe5 24. Rxf7 Qe1+
25. Rf1 Qe3+ 26. Kh1 Qe6 27. Qf2 Kb8 28. Qg3+ Ka8 29. Rd1 Rc8 30. Rd6 Qc4
31. Rxg6 Qxa4 32. Rxg7 a6 33. Kh2 Qc4 34. Qf3 Qb5 35. h4 Rh8 36. Kh3 a5 37.
Rg4 Rc8 38. Rg5 Qa6 39. Qf5 Rxc3+ 40. g3 Qc4 41. Qxa5+ Kb8 42. Qd8+ Qc8+
43. Qxc8+ Kxc8 44. h5 Rc1 45. Kg4 Rh1 46. Rb5 Kc7 47. Kg5 Kc6 48. Rb2 b5
49. g4 Kc5 50. Kg6 b4 51. h6 Kc4 52. g5 Kc3 53. Rxb4 Kxb4 54. h7 Kc5 55.
Kg7 Kd5 1-0

[Event "Asian Teams"]
[Site "Jodhpur IND"]
[Date "2003.04.12"]
[Round "6"]
[White "Ravi,L"]
[Black "Xu Jun"]
[Result "1/2-1/2"]
[WhiteElo "2427"]
[BlackElo "2628"]
[EventDate "2003.04.07"]

1. d4 Nf6 2. c4 c5 3. d5 e6 4. Nc3 exd5 5. cxd5 d6 6. e4 g6 7. h3 Bg7 8.
Nf3 O-O 9. Bd3 a6 10. O-O b5 11. Bf4 Bb7 12. a3 Qb6 13. Qd2 Re8 14. Rfe1
Nbd7 15. Rad1 Rac8 16. Rb1 c4 17. Bc2 Nc5 18. Be3 Qd8 19. Bd4 Nfd7 20. Bxg7
Kxg7 21. Re2 Ne5 22. Nd4 Qf6 23. Qe3 Ncd3 24. Rd2 b4 25. axb4 Nxb4 26. Nde2
Nxc2 27. Rxc2 Nd3 28. f4 Rc7 29. Rf1 Bc8 30. Nc1 Nc5 31. Re2 Nd7 32. Kh1
1/2-1/2

[Event "Asian Teams"]
[Site "Jodhpur IND"]
[Date "2003.04.12"]
[Round "6"]
[White "Annaberdiev,M"]
[Black "Nguyen Anh Dung"]
[Result "0-1"]
[WhiteElo "2394"]
[BlackElo "2530"]
[EventDate "2003.04.07"]

1. d4 Nf6 2. Nf3 b6 3. e3 Bb7 4. Be2 e6 5. O-O Be7 6. Nbd2 O-O 7. b3 c5 8.
Bb2 d6 9. c4 Nbd7 10. Qc2 Rc8 11. Rad1 Qc7 12. Qb1 Rfd8 13. Qa1 cxd4 14.
Nxd4 a6 15. Rc1 Nc5 16. f3 Qb8 17. e4 Nh5 18. g3 g6 19. Rfe1 d5 20. cxd5
Nxg3 21. hxg3 Qxg3+ 22. Kh1 Qh4+ 23. Kg2 Qg5+ 24. Kf1 Qxd2 25. dxe6 Nxe6
26. Nxe6 fxe6 27. Rxc8 Bxc8 28. Bf6 Qb4 29. Rc1 Rf8 30. Bh8 e5 31. Qxe5
Bh3+ 32. Kf2 Bc5+ 33. Kg3 Bd6 34. Bc4+ Rf7 35. Kxh3 Kf8 36. Bd5 Re7 37.
Rc8+ Re8 38. Rc4 g5 39. Kg2 Rc8 40. Rxc8+ 0-1

[Event "Asian Teams"]
[Site "Jodhpur IND"]
[Date "2003.04.12"]
[Round "6"]
[White "Harikrishna,P"]
[Black "Iuldachev,S"]
[Result "1/2-1/2"]
[WhiteElo "2563"]
[BlackElo "2488"]
[EventDate "2003.04.07"]

1. d4 Nf6 2. c4 d6 3. Nc3 Nbd7 4. Nf3 c6 5. e4 e5 6. Be2 Be7 7. O-O O-O 8.
Qc2 a6 9. Rd1 Qc7 10. a3 b5 11. b4 Re8 12. Bb2 exd4 13. Nxd4 Ne5 14. cxb5
cxb5 15. Rac1 Bb7 16. Qd2 Qb6 17. Nf5 Bf8 18. Nd5 Nxd5 19. exd5 Bc8 20. Ne3
Bd7 21. Bd4 Qb7 22. f4 Ng6 23. g3 Rac8 24. Kf2 Ne7 25. Bf3 Rxc1 26. Rxc1
Rc8 27. Rxc8 Qxc8 28. Qc3 Qxc3 29. Bxc3 Bc8 30. Bd4 Nf5 31. Bg4 g6 32. Bxf5
Bxf5 33. g4 Bc8 34. Kf3 f5 35. g5 Kf7 36. Nd1 Bb7 37. Nc3 Be7 38. Bb6 Ke8
39. Ke3 Kf7 40. Kd3 Bf8 41. Bd4 Be7 42. Bb6 Bf8 43. Bd4 Be7 44. Kc2 Bd8 45.
Ba7 Ke8 46. Kb3 Kd7 47. a4 Ba8 48. h4 Bb7 49. Bd4 Ba8 50. Ka3 Bb7 51. axb5
axb5 52. Nxb5 Bxd5 53. Nc3 Bc4 54. b5 d5 55. Be5 Be7+ 56. Ka4 Bc5 57. Ka5
Bb3 58. Ne2 Kc8 59. Nd4 Bc4 60. Ka6 Bxd4 61. Bxd4 Be2 62. Kb6 Kd7 63. Kc5
Kc7 64. b6+ Kb7 65. Kxd5 Kc8 66. Be5 Bf1 67. Bc3 Kb8 68. Be5+ Kc8 69. Bd4
Bc4+ 1/2-1/2

[Event "Asian Teams"]
[Site "Jodhpur IND"]
[Date "2003.04.12"]
[Round "6"]
[White "Safin,S"]
[Black "Barua,D"]
[Result "0-1"]
[WhiteElo "2523"]
[BlackElo "2545"]
[EventDate "2003.04.07"]

1. d4 d5 2. c4 c6 3. Nc3 Nf6 4. e3 Bg4 5. Qb3 Qb6 6. Qxb6 axb6 7. cxd5 Nxd5
8. Nxd5 cxd5 9. Ne2 Nc6 10. Nc3 Nb4 11. Kd2 e6 12. b3 Nc6 13. Bb2 Bb4 14.
a3 Bxc3+ 15. Bxc3 Ke7 16. Kc2 Rhc8 17. Kb2 Rc7 18. Bb5 Rac8 19. Rac1 Bf5
20. Rhe1 Bg6 21. f3 f6 22. a4 Kd8 23. e4 Na7 24. Bf1 Nc6 25. Bb5 Na7 26.
Bf1 Nc6 27. g3 Be8 28. h4 Re7 29. Bh3 Rcc7 30. Rcd1 Bh5 31. Rd3 Bg6 32.
Rde3 f5 33. e5 Rf7 34. R3e2 Bh5 35. Rf2 h6 36. Bf1 g5 37. Bd3 Rh7 38. Rh1
Bg6 39. Rfh2 Ne7 40. Bb4 f4 41. Bxg6 fxg3 42. Bd2 g2 43. Be3 Nxg6 44. Bxg5+
Ke8 45. Be3 Nxh4 46. f4 Nf3 47. Bg1 Nxg1 0-1

[Event "Asian Teams"]
[Site "Jodhpur IND"]
[Date "2003.04.12"]
[Round "6"]
[White "Zhang Pengxiang"]
[Black "Sharma,D"]
[Result "1/2-1/2"]
[WhiteElo "2557"]
[BlackElo "2384"]
[EventDate "2003.04.07"]

1. e4 e5 2. Nc3 Nc6 3. Bc4 Nf6 4. d3 Bb4 5. Nge2 d5 6. exd5 Nxd5 7. O-O Be6
8. Bb5 Qd7 9. Nxd5 Bxd5 10. c4 Be6 11. Qa4 Bc5 12. b4 Bd4 13. Nxd4 exd4 14.
Bf4 O-O 15. Bxc6 bxc6 16. Qa5 Bf5 17. Rad1 Rfc8 18. Rfe1 h6 19. h3 a6 20.
Kh2 Bg6 21. Rd2 Kh7 22. Bg3 Kg8 23. Qc5 Re8 24. Rxe8+ Rxe8 25. Qa7 Qe7 26.
a3 Qe1 27. Bf4 Re2 28. Rxe2 Qxe2 29. Qxd4 Qxd3 30. Qc5 Qxa3 31. Bxc7 Qa2
32. Qxc6 Qxf2 33. Qxa6 Be4 34. Qc8+ Kh7 35. Qg4 f5 36. Qg3 Qc2 37. c5 g5
38. Be5 f4 39. Qg4 Bf5 40. Qh5 Bg6 41. Qf3 Be4 42. Qf1 f3 43. Kg1 Qxg2+ 44.
Qxg2 fxg2 45. Bh2 Kg6 46. Kf2 Kf5 47. Ke3 g1=Q+ 48. Bxg1 Ke5 49. b5 Kd5 50.
c6 Bg2 51. Kd2 Bf1 52. h4 Bxb5 53. c7 Bd7 54. hxg5 Bc8 55. Ke1 1/2-1/2

[Event "Asian Teams"]
[Site "Jodhpur IND"]
[Date "2003.04.13"]
[Round "7"]
[White "Sadvakasov,D"]
[Black "Dao Thien Hai"]
[Result "1-0"]
[WhiteElo "2577"]
[BlackElo "2564"]
[EventDate "2003.04.07"]

1. e4 e5 2. Nf3 Nf6 3. Nxe5 d6 4. Nf3 Nxe4 5. d4 d5 6. Bd3 Nc6 7. O-O Be7
8. c4 Nf6 9. h3 O-O 10. Nc3 Nb4 11. Be2 dxc4 12. Bxc4 c6 13. Ne5 Nbd5 14.
Re1 Be6 15. Bb3 Re8 16. Bg5 Qa5 17. Qf3 Rad8 18. Rad1 Qc7 19. Bc2 g6 20.
Bb3 Kg7 21. Rc1 Qc8 22. Nxf7 Bxf7 23. Rxe7 Rxe7 24. Nxd5 Nxd5 25. Bxe7 Re8
26. Bd6 Qf5 27. Be5+ Kg8 28. Qg3 Be6 29. Re1 Qf7 30. a3 Nb6 31. Bc2 Bf5 32.
Bd1 Nd7 33. Re3 Nxe5 34. Bb3 1-0

[Event "Asian Teams"]
[Site "Jodhpur IND"]
[Date "2003.04.13"]
[Round "7"]
[White "Ibraev,N"]
[Black "Tu Hoang Thong"]
[Result "1/2-1/2"]
[WhiteElo "2401"]
[BlackElo "2506"]
[EventDate "2003.04.07"]

1. e4 e5 2. Nf3 Nc6 3. Bb5 a6 4. Ba4 Nf6 5. O-O Nxe4 6. d4 b5 7. Bb3 d5 8.
dxe5 Be6 9. Be3 Be7 10. c3 Qd7 11. Nbd2 Rd8 12. Bc2 Nxd2 13. Qxd2 Bg4 14.
Ng5 d4 15. cxd4 Nxd4 16. Rfe1 Bxg5 17. Bxg5 Nf3+ 18. gxf3 Qxd2 19. Bxd2
Rxd2 20. fxg4 Rxc2 21. Rec1 Rxb2 1/2-1/2

[Event "Asian Teams"]
[Site "Jodhpur IND"]
[Date "2003.04.13"]
[Round "7"]
[White "Thipsay,P"]
[Black "Zhang Zhong"]
[Result "1-0"]
[WhiteElo "2463"]
[BlackElo "2666"]
[EventDate "2003.04.07"]

1. e4 c5 2. Nf3 Nc6 3. d4 cxd4 4. Nxd4 Qb6 5. Nb3 Nf6 6. Nc3 e6 7. Bd3 d6
8. O-O a6 9. Kh1 Be7 10. f4 Qc7 11. Bd2 b5 12. Qf3 Bb7 13. Rae1 O-O 14. Qh3
Rad8 15. a3 Rfe8 16. Ne2 e5 17. Nc3 Qc8 18. f5 d5 19. Nxd5 Nxd5 20. exd5
Rxd5 21. Qh5 Bf6 22. Re3 e4 23. Bxe4 Rdd8 24. Rfe1 h6 25. Bc3 Bxc3 26. bxc3
Re5 27. Rg3 Rd6 28. Qg4 Qf8 29. Rf1 Rf6 30. Nd2 Bc8 31. Qh4 Kh8 32. Rgf3
Na5 33. Qf4 Qe7 34. Bd3 Bb7 35. Rg3 Nc4 36. Qg4 Qf8 37. Nxc4 bxc4 38. Qxc4
a5 39. Qc7 Qe7 1-0

[Event "Asian Teams"]
[Site "Jodhpur IND"]
[Date "2003.04.13"]
[Round "7"]
[White "Xu Jun"]
[Black "Sandipan,C"]
[Result "1-0"]
[WhiteElo "2628"]
[BlackElo "2478"]
[EventDate "2003.04.07"]

1. d4 d5 2. c4 e6 3. Nf3 c6 4. Qc2 Nf6 5. Bg5 dxc4 6. Qxc4 Be7 7. e3 b6 8.
Qc2 O-O 9. Be2 Bb7 10. O-O Nbd7 11. Nc3 Nd5 12. Bxe7 Qxe7 13. Nxd5 exd5 14.
Rfd1 f5 15. Bd3 g6 16. Rac1 a5 17. b3 Rfc8 18. Qb2 Ba6 19. Bxa6 Rxa6 20. a4
Ra7 21. Ne1 Rb7 22. Nd3 b5 23. Qa2 Qd6 24. Nc5 Nxc5 25. Rxc5 bxa4 26. Qxa4
Rb4 27. Qxa5 Rxb3 28. Rdc1 Rcb8 29. g3 Rb1 30. Kg2 Rxc1 31. Rxc1 Qe6 32.
Qc7 Rb2 33. Rxc6 Qe4+ 34. Kg1 Rb1+ 35. Rc1 g5 36. h3 Rxc1+ 37. Qxc1 g4 38.
h4 h5 39. Qc7 Qb1+ 40. Kh2 Qf1 41. Qc8+ Kg7 42. Qxf5 Qe2 43. Kg2 1-0

[Event "Asian Teams"]
[Site "Jodhpur IND"]
[Date "2003.04.13"]
[Round "7"]
[White "To Quoc Khanh"]
[Black "Askarov,B"]
[Result "0-1"]
[WhiteElo "2299"]
[BlackElo "2257"]
[EventDate "2003.04.07"]

1. e4 c5 2. Nf3 e6 3. c3 d5 4. exd5 exd5 5. d4 Nf6 6. Bb5+ Bd7 7. Bxd7+
Nbxd7 8. O-O Be7 9. dxc5 Nxc5 10. Nbd2 O-O 11. Nb3 Ne6 12. Be3 Qc7 13. Qd3
Rfd8 14. Rad1 Ne4 15. Qb5 Nd6 16. Qe2 Nc4 17. Nbd4 Bf6 18. Rfe1 Re8 19. Nf5
Rad8 20. Bd4 Bxd4 21. N5xd4 h6 22. Qc2 Nf4 23. g3 Ne6 24. Nf5 Qa5 25. b3
Nd6 26. b4 Qb5 27. Ne5 Ne4 28. f3 Nf6 29. Kg2 Qb6 30. Qb3 Qc7 31. Qa3 Ng5
32. Nd3 Qd7 33. Nd4 a6 34. Qb2 Rc8 35. Nf4 Nh5 36. Nde2 Re3 37. Rf1 Nxf4+
38. Nxf4 Rexc3 39. Rxd5 Rc2+ 40. Rf2 Qa4 41. Qd4 Rxf2+ 42. Qxf2 Qxb4 43.
Rd2 Kh8 44. h4 Ne6 45. Nxe6 fxe6 46. Rb2 Qa4 47. Kh3 Qc6 48. Rb6 Qd5 49.
Qe3 Rf8 50. Rxe6 Rxf3 51. Re8+ Kh7 52. Qe2 Rd3 53. Qe4+ Qxe4 54. Rxe4 Ra3
55. Re2 h5 56. Re5 Kg6 57. Re6+ Kf5 58. Rb6 Rxa2 59. Rxb7 g6 60. Rf7+ Ke5
61. Rg7 Kf6 62. Ra7 a5 63. Ra6+ Kf5 64. Rc6 Re2 65. Ra6 Re5 66. Kg2 g5 67.
hxg5 Kxg5 68. Kh3 Kf5 69. Kh4 Ke4 70. g4 hxg4 71. Kxg4 Ke3 72. Ra7 Re4+ 73.
Kf5 a4 74. Ra8 Kd3 75. Ra7 Rb4 76. Ke5 Kc3 77. Kd5 Kb3 78. Kc5 a3 79. Rh7
Rc4+ 80. Kb5 a2 81. Rh1 Rc2 0-1

[Event "Asian Teams"]
[Site "Jodhpur IND"]
[Date "2003.04.13"]
[Round "7"]
[White "Chan,Marc"]
[Black "Sriram,J"]
[Result "1-0"]
[WhiteElo "2253"]
[BlackElo "2451"]
[EventDate "2003.04.07"]

1. d4 d5 2. c4 e6 3. Nc3 c6 4. cxd5 exd5 5. Qc2 Bd6 6. Nf3 f5 7. Bg5 Be7 8.
Bxe7 Nxe7 9. e3 Nd7 10. Bd3 Nf6 11. Ne5 Be6 12. O-O O-O 13. f4 Ne4 14. b4
Rc8 15. Na4 Qd6 16. Qb2 b6 17. Rac1 Rc7 18. Rc2 Bc8 19. Rfc1 Bb7 20. Nc3
Rcc8 21. Qb3 Kh8 22. a4 Ng6 23. Bxe4 fxe4 24. Nxg6+ Qxg6 25. a5 bxa5 26.
bxa5 Ba6 27. Na4 Rb8 28. Qa3 Bc4 29. Nc5 Qd6 30. Qc3 Rfe8 31. Rb2 Rxb2 32.
Qxb2 Rb8 33. Qc3 Qe7 34. Qe1 h6 35. Rb1 Rb5 36. Rxb5 cxb5 37. Qb4 Kh7 38.
Na6 Qd7 39. h3 Qc6 40. Nc5 Qd6 41. Qc3 Qe7 42. Qe1 Qf7 43. Kh2 Qe7 44. Kg1
Qd6 45. Qc3 Qg6 46. Qe1 Qh5 47. Qd2 Qh4 48. Qf2 Qd8 49. Qd2 Qc8 50. Qc3 Qf5
51. Qe1 Qh5 52. Qd2 b4 53. Qxb4 Qd1+ 54. Kh2 Qe2 55. Ne6 Qxe3 56. Qe7 Kg6
57. Qxg7+ Kf5 58. Qxh6 1-0

[Event "Asian Teams"]
[Site "Jodhpur IND"]
[Date "2003.04.13"]
[Round "7"]
[White "Ravi,L"]
[Black "Chan,N"]
[Result "1-0"]
[WhiteElo "2427"]
[BlackElo "2215"]
[EventDate "2003.04.07"]

1. d4 f5 2. Nf3 Nf6 3. g3 g6 4. Bg2 Bg7 5. b4 O-O 6. Bb2 d5 7. c4 c6 8.
Nbd2 Ne4 9. O-O Be6 10. e3 Nd7 11. Qc2 a6 12. a4 Bf7 13. Rfc1 Rc8 14. c5
Re8 15. Nb3 e5 16. Nxe5 Nxe5 17. dxe5 Bxe5 18. Bxe5 Rxe5 19. Qb2 Re8 20.
Nd4 Qe7 21. h4 Rc7 22. Ra3 a5 23. Bxe4 axb4 24. Qxb4 fxe4 25. a5 Rf8 26.
Qb2 Ra8 27. Kg2 Be6 28. a6 Ra7 29. axb7 Raxb7 30. Ra8+ Kf7 31. Qc3 Qf6 32.
Kg1 Bc8 33. Ra6 Rb8 34. Rb6 Ra8 35. Ra1 Rxa1+ 36. Qxa1 Kg7 37. Qb2 Kh6 38.
Qa2 Bd7 39. Qa8 Rc8 40. Rb8 Rxb8 41. Qxb8 Qe7 42. Qc7 Qe8 43. g4 Qc8 44.
g5+ Kh5 45. Qxc8 Bxc8 46. Nxc6 Kxh4 47. Ne7 Bg4 48. Nxd5 Kxg5 49. c6 Kf5
50. c7 Ke5 51. Ne7 g5 52. c8=Q Bxc8 53. Nxc8 h5 54. Na7 g4 55. Nc6+ Kf6 56.
Nd4 h4 57. Ne2 Ke5 58. Nf4 Kf5 59. Kg2 Kg5 60. Kf1 Kf5 61. Ke2 Kf6 62. Kd2
Kg5 63. Kc3 h3 64. Ne2 g3 65. Nxg3 Kg4 66. Kd2 Kf3 67. Ke1 Kg2 68. Ke2 h2
69. Kd2 Kf3 70. Ke1 1-0

[Event "Asian Teams"]
[Site "Jodhpur IND"]
[Date "2003.04.13"]
[Round "7"]
[White "Neelotpal,D"]
[Black "Wong Zi Jing"]
[Result "1/2-1/2"]
[WhiteElo "2468"]
[BlackElo "2336"]
[EventDate "2003.04.07"]

1. e4 c5 2. Nc3 d6 3. f4 Nc6 4. Nf3 g6 5. Bb5 Bd7 6. O-O Bg7 7. d3 a6 8.
Bxc6 Bxc6 9. Qe1 Qd7 10. Bd2 b5 11. Kh1 b4 12. Nd1 f5 13. exf5 gxf5 14. Ne3
Rb8 15. Qg3 Bxb2 16. Rae1 Nf6 17. Qh3 Nd5 18. Nxf5 Rf8 19. Re6 Kd8 20. Ng5
h6 21. Nxh6 Nc7 22. Nhf7+ Kc8 23. Rxe7 Qxh3 24. Nxh3 Nb5 25. Nhg5 Bd5 26.
Nh6 Bxa2 27. f5 Rb7 28. Ree1 Bd5 1/2-1/2

[Event "Asian Teams"]
[Site "Jodhpur IND"]
[Date "2003.04.13"]
[Round "7"]
[White "Ismail,Ah"]
[Black "Sharma,D"]
[Result "0-1"]
[WhiteElo "2126"]
[BlackElo "2384"]
[EventDate "2003.04.07"]

1. d4 Nf6 2. Nf3 d5 3. e3 g6 4. Be2 Bg7 5. O-O O-O 6. b3 c5 7. Bb2 cxd4 8.
exd4 Nc6 9. c4 Bf5 10. Nc3 Rc8 11. a3 dxc4 12. bxc4 Na5 13. Ne5 Nd7 14.
Nxd7 Bxd7 15. c5 b6 16. Ba6 Rb8 17. c6 Bxc6 18. Ne2 b5 19. a4 bxa4 20. Bc3
Nb3 21. Ra3 Qd6 22. Bb2 Nc5 23. dxc5 Qxd1 24. Rxd1 Bxb2 25. Rad3 a3 26. Bc4
Bb5 27. Bxb5 Rxb5 28. Rd7 a2 29. Rxa7 a1=Q 30. Raxa1 Bxa1 31. Rxa1 Rfb8 32.
f3 Rb1+ 33. Rxb1 Rxb1+ 34. Kf2 Rb5 35. c6 Rc5 36. g4 Rxc6 37. h4 Kg7 38.
Ng3 Rc2+ 39. Ke3 Rh2 40. Nf1 Rxh4 41. Kf2 Rh1 0-1

[Event "Asian Teams"]
[Site "Jodhpur IND"]
[Date "2003.04.14"]
[Round "8"]
[White "Shukuraliev,A"]
[Black "Ravi,L"]
[Result "0-1"]
[WhiteElo "2300"]
[BlackElo "2427"]
[EventDate "2003.04.07"]

1. c4 e6 2. Nc3 d5 3. Nf3 d4 4. Ne4 c5 5. d3 Nc6 6. e3 f5 7. Ng3 dxe3 8.
fxe3 Nf6 9. Bd2 Bd6 10. Ne2 e5 11. Nc3 e4 12. Ng1 Ng4 13. g3 O-O 14. Qe2
Nb4 15. Kd1 Nxd3 16. Be1 Be5 17. Kc2 Be6 18. b3 b5 19. cxb5 c4 20. b4 Nxb4+
21. Kb1 Nd5 22. Qd1 0-1

[Event "Asian Teams"]
[Site "Jodhpur IND"]
[Date "2003.04.14"]
[Round "8"]
[White "Safin,S"]
[Black "Xu Jun"]
[Result "1/2-1/2"]
[WhiteElo "2523"]
[BlackElo "2628"]
[EventDate "2003.04.07"]

1. d4 Nf6 2. c4 e6 3. Nc3 Bb4 4. e3 c5 5. Nge2 d5 6. a3 Bxc3+ 7. Nxc3 cxd4
8. exd4 dxc4 9. Bxc4 Nc6 10. Be3 O-O 11. O-O h6 12. Re1 Ne7 13. Bf4 Ned5
14. Be5 Bd7 15. Qd3 Bc6 16. Ba2 Nd7 17. Nxd5 Bxd5 18. Bb1 f5 19. Ba2 Bxa2
20. Rxa2 Nxe5 21. Rxe5 Qb6 22. b4 Rad8 23. Rd2 Rd6 24. h3 Rfd8 25. Qb3 Rd5
26. Rde2 Qxd4 27. Rxe6 Qd1+ 28. Qxd1 Rxd1+ 29. Kh2 R8d7 30. Re7 Kf8 31.
Rxd7 Rxd7 32. Re5 g6 33. g4 Kf7 34. gxf5 Kf6 35. Rb5 a6 36. Ra5 gxf5 37. a4
Rd4 38. b5 axb5 39. Rxb5 Rxa4 40. Rxb7 Ke6 1/2-1/2

[Event "Asian Teams"]
[Site "Jodhpur IND"]
[Date "2003.04.14"]
[Round "8"]
[White "Kotsur,P"]
[Black "Ganguly,S"]
[Result "1-0"]
[WhiteElo "2572"]
[BlackElo "2542"]
[EventDate "2003.04.07"]

1. e4 e5 2. Nf3 Nc6 3. Bc4 Nf6 4. d3 Be7 5. O-O O-O 6. c3 d5 7. exd5 Nxd5
8. Re1 Bg4 9. Bb3 Nb6 10. Qe2 Kh8 11. Nbd2 f6 12. h3 Bh5 13. Ne4 f5 14. Ng3
Bg6 15. Bd2 Qd7 16. Rad1 Bf6 17. Bg5 Bxg5 18. Nxg5 Rae8 19. h4 f4 20. N3e4
h6 21. Ne6 Rf5 22. Qg4 Kh7 23. N4c5 Qc8 24. d4 h5 25. Ng5+ Kh6 26. Qf3 Rf6
27. Be6 Rexe6 28. Ncxe6 Rxe6 29. Nxe6 Qxe6 30. d5 Qf6 31. dxc6 bxc6 32. c4
Nxc4 33. Qc3 Nb6 34. Qxe5 Qxh4 35. Rc1 Nd7 36. Qxc7 f3 37. Qg3 Qxg3 38.
fxg3 fxg2 39. Rxc6 Nf6 40. Kxg2 Kh7 41. Ra6 Nd5 42. Rxa7 1-0